[Event "Norway Chess Open GM 2025"]
[Site "Stavanger NOR"]
[Date "2025.05.30"]
[Round "6.8"]
[White "Fu, Yihe"]
[Black "Vestby-Ellingsen, Mads"]
[Result "1/2-1/2"]
[WhiteTitle "FM"]
[BlackTitle "IM"]
[WhiteElo "2123"]
[BlackElo "2382"]
[WhiteFideId "8619638"]
[BlackFideId "1520857"]
[EventDate "2025.05.26"]

1. e4 c5 2. Nf3 d6 3. d4 cxd4 4. Nxd4 Nf6 5. Nc3 a6 6. Bg5 e6 7. f4 Be7 8. Qf3
Qc7 9. O-O-O Nbd7 10. g4 h6 11. Bxf6 Bxf6 12. h4 Nb6 13. g5 Bxd4 14. Rxd4 Qc5
15. Rd2 Bd7 16. gxh6 Rxh6 17. Qd3 Ke7 18. Qg3 Rg6 19. Qf3 Rh8 20. Be2 Rg1+ 21.
Rxg1 Qxg1+ 22. Rd1 Qc5 23. h5 Nc4 24. Bxc4 Qxc4 25. Qg4 Qc5 26. Qxg7 Rxh5 27. e5
Qe3+ 28. Kb1 d5 29. Qf6+ Ke8 30. a3 Qg3 31. Ne4 dxe4 32. Rxd7 Rh1+ 33. Ka2 Kxd7
34. Qxf7+ Kc8 35. Qf8+ Kc7 36. Qd6+ Kc8 37. Qf8+ Kc7 1/2-1/2

[Event "Norway Chess Open GM 2025"]
[Site "Stavanger NOR"]
[Date "2025.05.30"]
[Round "6.9"]
[White "Tulchynskyi, Feliks"]
[Black "Knuedel, Torben"]
[Result "0-1"]
[WhiteTitle "FM"]
[BlackTitle "FM"]
[WhiteElo "2380"]
[BlackElo "2319"]
[WhiteFideId "34127895"]
[BlackFideId "16208820"]
[EventDate "2025.05.26"]

1. d4 Nf6 2. c4 e6 3. Nc3 Bb4 4. f3 c5 5. d5 d6 6. e4 O-O 7. Ne2 a6 8. a4 Ba5 9.
Bd2 exd5 10. cxd5 Nh5 11. g3 Nd7 12. Nf4 Nxf4 13. Bxf4 Qf6 14. Rc1 Ne5 15. Be2
Bh3 16. Rg1 b5 17. Be3 Nc4 18. Bxc4 bxc4 19. g4 Rab8 20. Qe2 Rb3 21. Kf2 Rfb8
22. Nd1 h5 23. Kg3 hxg4 24. fxg4 Rd3 25. b4 Bxg4 26. Qxg4 cxb4 27. Rxc4 b3 28.
Rc8+ Rxc8 29. Qxc8+ Bd8 30. h3 b2 31. Qc2 Qd4 32. Kf2 Rd2+ 33. Qxd2 Qxd2+ 34.
Bxd2 b1=Q 35. Kf3 Bb6 36. Re1 f5 37. Nf2 Qb3+ 38. Be3 g5 39. exf5 Qxd5+ 40. Kg3
Qe5+ 41. Kf3 Qxf5+ 42. Kg2 Qa5 43. Re2 Bxe3 44. Rxe3 Qxa4 45. Ne4 a5 46. Nxd6
Qc2+ 47. Kg3 a4 48. Ne4 Qc7+ 0-1

[Event "Norway Chess Open GM 2025"]
[Site "Stavanger NOR"]
[Date "2025.05.30"]
[Round "6.10"]
[White "Haug, Havard"]
[Black "Johansson, Carl Fredrik"]
[Result "1-0"]
[WhiteTitle "FM"]
[BlackTitle "CM"]
[WhiteElo "2354"]
[BlackElo "2171"]
[WhiteFideId "1547887"]
[BlackFideId "1701576"]
[EventDate "2025.05.26"]

1. d4 Nf6 2. Bg5 d5 3. e3 e6 4. Nd2 c5 5. c3 Be7 6. f4 O-O 7. Bd3 c4 8. Bc2 b5
9. a3 Bb7 10. Ngf3 Ne4 11. Bxe7 Qxe7 12. O-O Nd7 13. Ne5 Ndf6 14. f5 exf5 15.
Rxf5 Nd6 16. Rf4 Nfe4 17. Bxe4 dxe4 18. h3 Bd5 19. Qh5 f5 20. Raf1 Rf6 21. h4
Rh6 22. Qg5 Qxg5 23. hxg5 Rh5 24. g6 Rh6 25. gxh7+ Kxh7 26. g3 g6 27. Kg2 Kg7
28. Rh4 Rah8 29. Rxh6 Rxh6 30. a4 f4 31. Rxf4 bxa4 32. Rh4 Rxh4 33. gxh4 Kf6 34.
Kg3 Nf5+ 35. Kf4 Nxh4 36. Nxe4+ Kg7 37. Ng4 Ng2+ 38. Ke5 Bxe4 39. Kxe4 Ne1 40.
Ne5 g5 41. Nxc4 g4 42. Nd6 Kf6 43. Nf5 Nf3 44. Ng3 Ng5+ 45. Kf4 Nh3+ 46. Kxg4
Nf2+ 47. Kf4 Nd3+ 48. Ke4 Nxb2 49. Ne2 Nc4 50. Kd3 Na5 51. c4 Ke6 52. c5 Kd5 53.
Nc3+ 1-0

[Event "Norway Chess Open GM 2025"]
[Site "Stavanger NOR"]
[Date "2025.05.30"]
[Round "6.15"]
[White "Chakrabarty, Reyaansh"]
[Black "Avadhoot Lokesh Bhakti Brahme"]
[Result "1-0"]
[WhiteTitle "FM"]
[WhiteElo "2346"]
[BlackElo "2081"]
[WhiteFideId "3256944"]
[BlackFideId "33496463"]
[EventDate "2025.05.26"]

1. e4 e5 2. Nf3 Nc6 3. Bc4 Nf6 4. d3 d5 5. exd5 Nxd5 6. O-O Be7 7. Re1 f6 8. h3
Be6 9. d4 Ne3 10. Bxe3 Bxc4 11. Nbd2 Be6 12. dxe5 fxe5 13. Bf4 exf4 14. Rxe6 Qd7
15. Qe2 O-O-O 16. Re1 Bc5 17. Nb3 Bb6 18. Qe4 g5 19. c4 a6 20. c5 Ba7 21. Nxg5
Rdg8 22. Qxf4 Qd5 23. Nf3 Bxc5 24. Nxc5 Qxc5 25. Qe4 Kb8 26. a3 Na7 27. Ne5 Rg7
28. Re8+ Rxe8 29. Nd7+ Rxd7 30. Qxe8+ Nc8 31. Qxd7 Qc2 32. Qd4 c5 33. Qe5+ Ka7
34. Qc3 Qxc3 35. bxc3 Nd6 36. a4 Kb6 37. Re7 Ka5 38. Rxh7 b5 39. axb5 Kxb5 40.
g4 a5 41. Ra7 Ne4 42. h4 a4 43. h5 Nxc3 44. h6 Ne2+ 45. Kf1 Nf4 46. h7 Ng6 47.
Ra8 1-0

[Event "Norway Chess Open GM 2025"]
[Site "Stavanger NOR"]
[Date "2025.05.30"]
[Round "6.16"]
[White "Southcott-Moyers, Indy"]
[Black "Garcia Martin, Marta"]
[Result "1-0"]
[WhiteTitle "CM"]
[BlackTitle "IM"]
[WhiteElo "2292"]
[BlackElo "2324"]
[WhiteFideId "488542"]
[BlackFideId "32084030"]
[EventDate "2025.05.26"]

1. d4 Nf6 2. c4 e6 3. Nf3 d5 4. Nc3 Bb4 5. cxd5 exd5 6. Bg5 h6 7. Bh4 Bf5 8. e3
Nbd7 9. Be2 c6 10. Qb3 Qb6 11. Nd2 Bd6 12. Bg3 Bxg3 13. hxg3 O-O 14. O-O Qc7 15.
Rac1 Rac8 16. Bf3 Qb8 17. Rfe1 Rfe8 18. Qa3 Re6 19. b4 a6 20. Ne2 g5 21. Nc3 Kg7
22. Qb3 Rce8 23. Bd1 b5 24. Bc2 Bxc2 25. Qxc2 Qd6 26. a3 a5 27. bxa5 Qxa3 28.
Ra1 Qd6 29. a6 Ra8 30. Qf5 Re7 31. Qd3 Nb6 32. e4 dxe4 33. Ncxe4 Nxe4 34. Rxe4
Nd5 35. Rxe7 Qxe7 36. Ne4 Nb6 37. g4 Qe6 38. Qf3 Na4 39. Ra3 Rxa6 40. Re3 Qg6
41. Ng3 Ra7 42. Nf5+ Kf8 43. Qe2 Ra8 44. Qd2 Qf6 45. Rh3 Qe6 46. Rxh6 1-0

[Event "Norway Chess Open GM 2025"]
[Site "Stavanger NOR"]
[Date "2025.05.30"]
[Round "6.17"]
[White "Krivenko, Dion"]
[Black "Adharsh K"]
[Result "1/2-1/2"]
[WhiteTitle "FM"]
[BlackTitle "FM"]
[WhiteElo "2243"]
[BlackElo "2322"]
[WhiteFideId "4508378"]
[BlackFideId "25718207"]
[EventDate "2025.05.26"]

1. e4 c5 2. Ne2 Nc6 3. g3 g6 4. Bg2 Bg7 5. O-O d6 6. c3 e5 7. Na3 Nge7 8. Nc2
O-O 9. d4 b6 10. d5 Nb8 11. f4 exf4 12. gxf4 f5 13. e5 dxe5 14. fxe5 Bxe5 15. d6
Nec6 16. Bf4 Bxf4 17. Nxf4 Rf6 18. Qd5+ Kh8 19. Rad1 a6 20. b4 Ra7 21. bxc5 Rd7
22. Ne6 Qg8 23. Nc7 Qf8 24. Rfe1 Rd8 25. Nd4 Nxd4 26. cxd4 f4 27. Ne6 Bxe6 28.
Rxe6 Rf5 29. Re5 Rf6 30. Bf3 Nd7 31. Rde1 bxc5 32. dxc5 Nxe5 33. Qxe5 Kg7 34.
Re4 Kh6 35. Qe7 Qxe7 36. Rxe7 Rf5 37. Rc7 Kg5 38. d7 Kf6 39. c6 Ke7 40. Ra7 Rc5
41. Rxa6 Rb8 42. Ra4 Rc2 43. Re4+ Kd6 44. Rb4 Ra8 45. a4 Rc1+ 46. Kf2 Rc2+ 47.
Ke1 Rd8 48. h4 Rxc6 49. Bxc6 Kxc6 50. Rd4 Rxd7 51. Rxf4 Kb6 1/2-1/2

[Event "Norway Chess Open GM 2025"]
[Site "Stavanger NOR"]
[Date "2025.05.30"]
[Round "6.18"]
[White "Pubantz, Jan"]
[Black "Harish, Neeraj"]
[Result "0-1"]
[BlackTitle "CM"]
[WhiteElo "2315"]
[BlackElo "2192"]
[WhiteFideId "12996114"]
[BlackFideId "30958130"]
[EventDate "2025.05.26"]

1. d4 Nf6 2. c4 e6 3. g3 d5 4. Bg2 Bb4+ 5. Nd2 O-O 6. Nf3 dxc4 7. Qc2 b5 8. a4
Bb7 9. axb5 Qd5 10. O-O Qxb5 11. Qxc4 a6 12. Ne5 Bxg2 13. Kxg2 Nbd7 14. Nc6 Bd6
15. b3 Nd5 16. Bb2 Nb4 17. Rfc1 Nxc6 18. Qxc6 Qxe2 19. Nc4 Nf6 20. Ba3 Bxa3 21.
Rxa3 Nd5 22. Rxa6 Rxa6 23. Qxa6 Qe4+ 24. Kg1 Qxd4 25. Qa1 Qxa1 26. Rxa1 Rb8 27.
Ne3 Nxe3 28. fxe3 Kf8 29. Rb1 Rb4 30. Kf2 c5 31. Rc1 Rxb3 32. Rxc5 Rb2+ 33. Kg1
Re2 34. Rc3 g5 35. h3 Kg7 36. Rc5 Kf6 37. Rc3 h6 38. h4 gxh4 39. gxh4 Kg6 40.
Kf1 Rh2 41. Rc4 e5 42. Kg1 Re2 43. Rc3 Kf5 44. Rc7 f6 45. Rc3 h5 46. Kf1 Rh2 47.
Rc4 e4 48. Kg1 Rxh4 49. Kg2 Rg4+ 50. Kh3 Rg1 51. Rc5+ Kg6 52. Kh4 Re1 53. Rc3
Rh1+ 54. Kg3 Kg5 55. Rc5+ f5 56. Rc8 h4+ 57. Kg2 Re1 58. Rg8+ Kf6 59. Kf2 Ra1
60. Rf8+ Kg6 61. Rg8+ Kf7 62. Rh8 Ra2+ 63. Kf1 Rh2 64. Rh6 Kg7 65. Ra6 Rh3 66.
Kf2 Rf3+ 67. Ke2 h3 68. Ra7+ Kg6 69. Ra8 Kg5 70. Rg8+ Kh4 71. Rg7 h2 72. Rh7+
Kg3 73. Rg7+ Kh3 74. Rh7+ Kg2 75. Rg7+ Rg3 0-1

[Event "Norway Chess Open GM 2025"]
[Site "Stavanger NOR"]
[Date "2025.05.30"]
[Round "6.23"]
[White "Anatol, Luke Leon Robin"]
[Black "Banerjee, Supratit"]
[Result "1/2-1/2"]
[BlackTitle "CM"]
[WhiteElo "2007"]
[BlackElo "2312"]
[WhiteFideId "39905500"]
[BlackFideId "2410079"]
[EventDate "2025.05.26"]

1. Nf3 Nf6 2. g3 g6 3. b3 Bg7 4. Bb2 O-O 5. Bg2 c5 6. c4 d6 7. d4 d5 8. dxc5
Qa5+ 9. Nbd2 dxc4 10. bxc4 Rd8 11. Qb3 Qxc5 12. O-O Nc6 13. Qb5 Qb6 14. Rfd1 Qc7
15. Nf1 Bd7 16. Ne3 a6 17. Qb3 b5 18. Nd5 Nxd5 19. cxd5 Na5 20. Qb4 Qd6 21. Qxd6
exd6 22. Bxg7 Kxg7 23. Nd4 Rac8 24. Rdc1 Nc4 25. a4 b4 26. Nc6 Bxc6 27. Rxc4
Bxa4 28. Rxb4 Bd7 29. Rb6 Bb5 30. Bf1 Rb8 31. Rxb8 Rxb8 32. e4 Kf6 33. f4 g5 34.
Rb1 h5 35. Kf2 h4 36. Ke3 hxg3 37. hxg3 gxf4+ 38. gxf4 Ke7 39. e5 dxe5 40. fxe5
f6 1/2-1/2

[Event "Norway Chess Open GM 2025"]
[Site "Stavanger NOR"]
[Date "2025.05.30"]
[Round "6.19"]
[White "Grebennikov, Nikolai A."]
[Black "Risting, Eivind Olav"]
[Result "1-0"]
[WhiteTitle "CM"]
[BlackTitle "FM"]
[WhiteElo "2199"]
[BlackElo "2302"]
[WhiteFideId "4121988"]
[BlackFideId "1517333"]
[EventDate "2025.05.26"]

1. d4 Nf6 2. c4 e6 3. Nc3 Bb4 4. a3 Bxc3+ 5. bxc3 O-O 6. f3 c5 7. e3 Nc6 8. Bd3
d6 9. Ne2 b6 10. e4 Ne8 11. Ra2 Na5 12. Ng3 Ba6 13. Qe2 Rc8 14. d5 Qd7 15. a4
Qd8 16. f4 Qh4 17. O-O Nf6 18. Rf3 Rce8 19. e5 dxe5 20. fxe5 exd5 21. Nf5 Qh5
22. exf6 Rxe2 23. Rxe2 Bxc4 24. fxg7 Ra8 25. Nh6+ Kxg7 26. g4 Bxd3 27. gxh5 Bxe2
28. Rxf7+ Kh8 29. Bg5 Rg8 30. Nxg8 Kxg8 31. Rxa7 Bxh5 32. Kf2 Nc4 33. Kg3 Bg6
34. Bf6 Nd6 35. Kf4 1-0

[Event "Norway Chess Open GM 2025"]
[Site "Stavanger NOR"]
[Date "2025.05.30"]
[Round "6.24"]
[White "Nissinen, Niilo Man"]
[Black "Advaitt Srikant Koduri"]
[Result "0-1"]
[WhiteTitle "CM"]
[WhiteElo "2301"]
[BlackElo "1988"]
[WhiteFideId "30950767"]
[BlackFideId "25185454"]
[EventDate "2025.05.26"]

1. e4 c6 2. d4 d5 3. e5 Bf5 4. Nd2 h6 5. Nb3 e6 6. Nf3 Nd7 7. Be2 Ne7 8. O-O Bh7
9. a4 a5 10. Bd2 Ng6 11. c4 dxc4 12. Bxc4 Be7 13. Ne1 O-O 14. Bc3 c5 15. f4 cxd4
16. Nxd4 Nb6 17. Bb3 Nd5 18. Qd2 Bc5 19. Kh1 Nxc3 20. bxc3 Ne7 21. Nec2 Rc8 22.
Ne3 Nc6 23. Rad1 Nxd4 24. cxd4 Bb4 25. Qe2 Rc3 26. Bc4 Be4 27. d5 Qb6 28. Ng4
exd5 29. Bxd5 Bxd5 30. Rxd5 Rfc8 31. f5 Rc1 32. Rdd1 Rxd1 33. Rxd1 Rd8 34. Rc1
h5 35. Ne3 Qh6 36. Rc2 Qf4 37. e6 fxe6 38. fxe6 Qe5 39. h3 Qxe6 40. Rc7 Qe5 41.
Qc4+ Kh8 42. Nf1 b6 43. Rc6 Bc5 44. Rg6 Rf8 45. Qc1 Qf5 0-1

[Event "Norway Chess Open GM 2025"]
[Site "Stavanger NOR"]
[Date "2025.05.30"]
[Round "6.20"]
[White "Hohelj, Stanislav"]
[Black "Eliseev, Sergey"]
[Result "1-0"]
[BlackTitle "FM"]
[WhiteElo "2300"]
[BlackElo "2254"]
[WhiteFideId "14101394"]
[BlackFideId "1534734"]
[EventDate "2025.05.26"]

1. e4 c5 2. Nf3 d6 3. d4 cxd4 4. Nxd4 Nf6 5. Nc3 a6 6. Bc4 e6 7. Bb3 b5 8. f3
Be7 9. Be3 O-O 10. Qd2 Bd7 11. g4 Nc6 12. g5 Nxd4 13. Bxd4 Nh5 14. h4 b4 15. Ne2
a5 16. c3 Bb5 17. Rg1 d5 18. exd5 exd5 19. Kf2 Qd6 20. Ng3 Rae8 21. Nxh5 Qh2+
22. Rg2 Qxh4+ 23. Ng3 Bxg5 24. Rh1 Bxd2 25. Rxh4 a4 26. Bxd5 a3 27. Ne4 1-0

[Event "Norway Chess Open GM 2025"]
[Site "Stavanger NOR"]
[Date "2025.05.30"]
[Round "6.21"]
[White "Strahl, Christian"]
[Black "Savitha, Shri B"]
[Result "0-1"]
[BlackTitle "IM"]
[WhiteElo "2059"]
[BlackElo "2298"]
[WhiteFideId "12955019"]
[BlackFideId "35061887"]
[EventDate "2025.05.26"]

1. e4 c5 2. Nf3 Nc6 3. b4 Nxb4 4. c3 Nc6 5. d4 cxd4 6. cxd4 e6 7. Bd3 Bb4+ 8.
Nbd2 Bc3 9. Rb1 Nxd4 10. O-O Ne7 11. Nxd4 Bxd4 12. Ba3 b6 13. Nc4 O-O 14. Nd6
Bc5 15. Bxc5 bxc5 16. Qc2 Qc7 17. e5 Ng6 18. f4 a5 19. Be4 Ba6 20. Bxa8 Bxf1 21.
Bb7 f6 22. Rxf1 fxe5 23. fxe5 Rxf1+ 24. Kxf1 Nxe5 25. Qd1 Qb6 26. Be4 h6 27. Bd3
Qb4 28. Bb1 Qf4+ 29. Kg1 Ng4 30. Be4 Qe3+ 0-1

[Event "Norway Chess Open GM 2025"]
[Site "Stavanger NOR"]
[Date "2025.05.30"]
[Round "6.27"]
[White "Follana Albelda, Lucia"]
[Black "Myagmarsuren, Evsuld"]
[Result "0-1"]
[BlackTitle "FM"]
[WhiteElo "2022"]
[BlackElo "2292"]
[WhiteFideId "24516937"]
[BlackFideId "1551639"]
[EventDate "2025.05.26"]

1. e4 c5 2. Nf3 d6 3. d4 cxd4 4. Nxd4 Nf6 5. Nc3 a6 6. f3 e5 7. Nb3 Be6 8. Be3
Nbd7 9. Qd2 h5 10. O-O-O b5 11. a3 Rc8 12. Kb1 Be7 13. Bg5 Qb6 14. h4 O-O 15. g4
hxg4 16. fxg4 Bxg4 17. Be2 Bxe2 18. Qxe2 Rxc3 19. bxc3 Qc6 20. Rh3 Rc8 21. Rg1
Bf8 22. h5 Nxe4 23. Bh6 Kh7 24. Qg4 Nxc3+ 25. Rxc3 Qxc3 26. Qf5+ Kh8 27. Bd2 Qc7
28. h6 g6 29. Qxf7 Qxc2+ 30. Ka1 Qf5 31. Qd5 Kh7 32. Rg3 e4 33. Qb7 Rc2 34. Rc3
Rxc3 35. Bxc3 Bxh6 36. Nd4 Qf1+ 37. Ka2 Qf7+ 38. Kb2 e3 39. Qxa6 Nc5 40. Qxb5
Bg7 41. Nc2 e2 42. Bxg7 Qxg7+ 43. Kc1 Qh6+ 44. Kb2 Qg7+ 45. Kc1 Qh6+ 46. Kb2 Qd2
47. Qe8 e1=Q 0-1

[Event "Norway Chess Open GM 2025"]
[Site "Stavanger NOR"]
[Date "2025.05.30"]
[Round "6.25"]
[White "Zhang, Ruijia"]
[Black "Gentemann, Moritz"]
[Result "0-1"]
[WhiteElo "1970"]
[BlackElo "2242"]
[WhiteFideId "8645264"]
[BlackFideId "4688007"]
[EventDate "2025.05.26"]

1. e4 c5 2. c4 Nc6 3. Nc3 g6 4. g3 Bg7 5. Bg2 a6 6. a3 d6 7. Nge2 Bg4 8. h3 Bxe2
9. Nxe2 Nf6 10. Rb1 a5 11. Nc3 O-O 12. O-O Nd7 13. b3 Nde5 14. Bb2 Nd4 15. Nb5
Nec6 16. f4 Nxb5 17. Bxg7 Kxg7 18. cxb5 Nd4 19. a4 Rc8 20. d3 e6 21. g4 b6 22.
f5 Qg5 23. f6+ Kh8 24. Qe1 e5 25. Kh2 Rce8 26. Qg3 Ne2 27. h4 Nxg3 28. hxg5
Nxf1+ 29. Rxf1 h6 30. Kg3 hxg5 31. Kf3 Re6 32. Ke3 Rd8 33. Rf3 Kg8 34. Rf2 Kf8
35. Ke2 Ke8 36. Kf1 Kd7 37. Kg1 Ree8 38. Kh2 Ke6 39. Kg3 Rd7 40. Rf1 Red8 41.
Rf2 d5 42. exd5+ Rxd5 43. Bxd5+ Rxd5 44. Rf3 Rd4 0-1

[Event "Norway Chess Open GM 2025"]
[Site "Stavanger NOR"]
[Date "2025.05.30"]
[Round "6.28"]
[White "Amundsen, Ask"]
[Black "Swarna Nihal"]
[Result "0-1"]
[WhiteElo "2009"]
[BlackElo "2228"]
[WhiteFideId "1528726"]
[BlackFideId "25683640"]
[EventDate "2025.05.26"]

1. e4 c5 2. Nf3 g6 3. d4 cxd4 4. Qxd4 Nf6 5. Nc3 Nc6 6. Qa4 d6 7. e5 dxe5 8.
Nxe5 Bg7 9. Be3 O-O 10. Rd1 Qc7 11. Nxc6 bxc6 12. Be2 Bf5 13. O-O Rab8 14. Qa3
Ng4 15. Bxg4 Bxg4 16. Rd2 Qb7 17. Na4 Qa6 18. c3 Rfd8 19. Rxd8+ Rxd8 20. f3 Qe2
21. Bf2 Rd1 0-1

[Event "Norway Chess Open GM 2025"]
[Site "Stavanger NOR"]
[Date "2025.05.30"]
[Round "6.36"]
[White "Gouanelle, Franck"]
[Black "Weller, Uli"]
[Result "1-0"]
[WhiteElo "2024"]
[BlackElo "2223"]
[WhiteFideId "627542"]
[BlackFideId "12971782"]
[EventDate "2025.05.26"]

1. d4 Nf6 2. Nf3 e6 3. g3 c5 4. Bg2 Nc6 5. O-O d5 6. c4 cxd4 7. cxd5 exd5 8.
Nxd4 Be7 9. Nc3 O-O 10. a3 h6 11. b4 a5 12. Nxc6 bxc6 13. b5 cxb5 14. Nxb5 Ba6
15. a4 Qd7 16. Rb1 Rab8 17. Bf4 Rb7 18. Be5 Bxb5 19. axb5 Rxb5 20. Rxb5 Qxb5 21.
Bxf6 Bxf6 22. Bxd5 a4 23. e4 Rc8 24. Qh5 Qd7 25. Rd1 Qc7 26. Rb1 Qe7 27. Qf5 Qd8
28. e5 Rc5 29. Bxf7+ Kh8 30. f4 a3 31. Qe4 Be7 32. Bc4 Qc7 33. Bd3 Kg8 34. Qh7+
Kf7 35. Bg6+ Ke6 36. Rd1 1-0

[Event "Norway Chess Open GM 2025"]
[Site "Stavanger NOR"]
[Date "2025.05.30"]
[Round "6.35"]
[White "Chernetskiy, Mykola"]
[Black "Wiger-Nordas, Felix"]
[Result "1-0"]
[WhiteTitle "IM"]
[WhiteElo "2198"]
[BlackElo "1924"]
[WhiteFideId "14115999"]
[BlackFideId "1557203"]
[EventDate "2025.05.26"]

1. e4 c6 2. d4 d5 3. exd5 cxd5 4. c4 Nf6 5. Nc3 Nc6 6. Nf3 e6 7. Bd3 Be7 8. O-O
O-O 9. Re1 a6 10. c5 b6 11. cxb6 Qxb6 12. Na4 Qa7 13. Bg5 h6 14. Bf4 Bd7 15. Rc1
Rac8 16. Nc3 Qb6 17. Re2 g5 18. Be5 Ng4 19. h3 Ngxe5 20. Nxe5 Nxe5 21. dxe5 f5
22. exf6 Bxf6 23. Bb1 Bg7 24. Qd3 Rf6 25. Rce1 Bb5 26. Nxb5 axb5 27. Qe3 Qxe3
28. Rxe3 d4 29. Rb3 e5 30. Rxb5 Rfc6 31. Be4 Rc1 32. Kf1 h5 33. g4 hxg4 34. hxg4
R8c5 35. Rb7 Bf8 36. Rxc1 Rxc1+ 37. Ke2 Rg1 38. f3 Rg2+ 39. Kd3 Rg1 40. a4 Ra1
41. b3 Rd1+ 42. Kc4 Rc1+ 43. Kb5 Rc5+ 44. Ka6 Rc3 45. b4 d3 46. Ka5 Kh8 47. Rd7
Rc4 48. Rh7+ Kg8 49. Bd5+ Kxh7 50. Bxc4 d2 51. Be2 Kg7 52. b5 Kf7 53. Kb6 Ke7
54. Kc7 Ke6 55. Bc4+ Ke7 1-0

[Event "Norway Chess Open GM 2025"]
[Site "Stavanger NOR"]
[Date "2025.05.30"]
[Round "6.29"]
[White "Ter-Avetisjana, Agnesa Stepania"]
[Black "Gasland, Lukas Dominik"]
[Result "1-0"]
[WhiteTitle "WFM"]
[WhiteElo "2185"]
[BlackElo "1997"]
[WhiteFideId "11614900"]
[BlackFideId "1557882"]
[EventDate "2025.05.26"]

1. e4 e5 2. Nf3 Nc6 3. Bb5 a6 4. Ba4 Nf6 5. Nc3 b5 6. Bb3 Bc5 7. Nd5 d6 8. c3 h6
9. d4 Ba7 10. O-O O-O 11. Nxf6+ Qxf6 12. Bd5 Bb7 13. a4 Bb6 14. Be3 Rab8 15.
Bxc6 Bxc6 16. a5 exd4 17. axb6 dxe3 18. bxc7 Rbc8 19. Rxa6 Rxc7 20. fxe3 Qg6 21.
Qd4 Re8 22. Nh4 Qxe4 23. Qxe4 Rxe4 24. Nf5 b4 25. Rf4 Rxf4 26. exf4 bxc3 27.
bxc3 Bd7 28. Nxd6 Rxc3 29. Ra8+ Kh7 30. Nxf7 Rc1+ 31. Kf2 Rc2+ 32. Ke3 Be6 33.
Rh8+ Kg6 34. Ne5+ Kf6 35. Rf8+ Ke7 36. Ng6+ Kd7 37. f5 Bd5 38. Nf4 Ke7 39. Ng6+
Kd7 40. Nf4 Ke7 41. Ng6+ Kd7 42. Kd4 Ba2 43. g4 Rxh2 44. Ra8 Rg2 45. Ke5 Re2+
46. Kf4 Rf2+ 47. Ke3 Rh2 48. Ra7+ Kd8 49. Rxg7 h5 50. g5 Rg2 51. Nf4 Rg3+ 52.
Kf2 h4 53. g6 Rg4 54. Kf3 Rg3+ 55. Ke4 Bb1+ 56. Ke5 Re3+ 57. Kf6 h3 58. Rh7 Rf3
59. g7 1-0

[Event "Norway Chess Open GM 2025"]
[Site "Stavanger NOR"]
[Date "2025.05.30"]
[Round "6.30"]
[White "Zheng, Harry Z"]
[Black "Pintor, Simao"]
[Result "1-0"]
[WhiteElo "2149"]
[BlackElo "2021"]
[WhiteFideId "460982"]
[BlackFideId "1904787"]
[EventDate "2025.05.26"]

1. e4 c5 2. Nf3 Nc6 3. d4 cxd4 4. Nxd4 e5 5. Nb5 d6 6. N1c3 a6 7. Na3 Be7 8. Nc4
b5 9. Ne3 Nf6 10. Bd3 Nb4 11. Be2 O-O 12. O-O Be6 13. a3 Nc6 14. Ned5 Nd4 15.
Bd3 Nxd5 16. Nxd5 Bg5 17. c3 Bxc1 18. Rxc1 Nc6 19. Ne3 Ne7 20. c4 bxc4 21. Bxc4
Qb8 22. Bxe6 fxe6 23. b4 Ng6 24. g3 Qd8 25. Rc6 Qg5 26. Qg4 Qxg4 27. Nxg4 Rfc8
28. Rxd6 Rc3 29. Rxe6 Rxa3 30. Nxe5 Nxe5 31. Rxe5 Rb3 32. Rc1 Rxb4 33. Re7 Rb6
34. Rcc7 Rg6 35. f4 h5 36. Kg2 Rb8 37. f5 Rg5 38. Kh3 Rb4 39. f6 1-0

[Event "Norway Chess Open GM 2025"]
[Site "Stavanger NOR"]
[Date "2025.05.30"]
[Round "6.42"]
[White "Maurstad, Astor Moe"]
[Black "Rouda Essa, Alserkal"]
[Result "1-0"]
[BlackTitle "WGM"]
[WhiteElo "1933"]
[BlackElo "2147"]
[WhiteFideId "1576640"]
[BlackFideId "9314318"]
[EventDate "2025.05.26"]

1. d4 d5 2. c4 e6 3. Nc3 Nf6 4. cxd5 exd5 5. Bg5 Be7 6. e3 c6 7. Bd3 Nbd7 8. Qc2
O-O 9. Nge2 Re8 10. O-O Nf8 11. Rae1 g6 12. f3 Ne6 13. Bh4 b5 14. Kh1 Bb7 15.
Bf2 Rc8 16. a3 a5 17. Rd1 Ng7 18. Bg1 Nd7 19. e4 dxe4 20. fxe4 Qc7 21. Rc1 Qb8
22. Qd2 Red8 23. Qh6 Ne6 24. Rxf7 Kxf7 25. Qxh7+ Ng7 26. Rf1+ Bf6 27. e5 Nxe5
28. dxe5 Qxe5 29. Ne4 Rh8 30. Rxf6+ Qxf6 31. Nxf6 Rxh7 32. Nxh7 Ne6 33. Be3 Rd8
34. Nc1 c5 35. h4 c4 36. Be2 Bd5 37. Ng5+ Nxg5 38. Bxg5 Rc8 39. Bd2 Ra8 40. Na2
Re8 41. Bf1 Re4 42. Bxa5 Rxh4+ 43. Kg1 Rd4 44. Bc3 Rd1 45. Nb4 Be4 46. Kf2 Ke6
47. a4 bxa4 48. Bxc4+ Kf5 49. Bb5 Ra1 50. Nc6 Bxc6 51. Bxc6 a3 52. bxa3 Ra2+ 53.
Kf1 Rxa3 54. Bd2 g5 55. Ke2 Ra7 56. Bf3 g4 57. Bc6 Re7+ 58. Be3 Rc7 59. Bb5 Rc2+
60. Bd2 Rc8 61. Bd7+ 1-0

[Event "Norway Chess Open GM 2025"]
[Site "Stavanger NOR"]
[Date "2025.05.30"]
[Round "6.37"]
[White "Thuesen, Mogens"]
[Black "Muller, Maxime"]
[Result "1-0"]
[WhiteElo "2129"]
[BlackElo "2023"]
[WhiteFideId "1400878"]
[BlackFideId "26088533"]
[EventDate "2025.05.26"]

1. d4 d5 2. c4 e6 3. Nc3 Bb4 4. e3 Nf6 5. Nf3 O-O 6. Bd3 dxc4 7. Bxc4 c5 8. O-O
cxd4 9. exd4 Nc6 10. Bg5 h6 11. Bh4 Be7 12. Re1 Nh5 13. d5 Bxh4 14. Nxh4 Na5 15.
Qxh5 Nxc4 16. Rad1 Qf6 17. Rd3 Nb6 18. Ne4 Qxb2 19. d6 f5 20. Rb3 Qxa2 21. Rg3
Qb2 22. Nc3 Rf7 23. Ng6 Bd7 24. Ne7+ Kf8 25. Qxh6 Rxe7 26. Qh8+ Kf7 27. Qxg7+
Ke8 1-0

[Event "Norway Chess Open GM 2025"]
[Site "Stavanger NOR"]
[Date "2025.05.30"]
[Round "6.31"]
[White "Azikri, Gur"]
[Black "Vincenti, Leonardo"]
[Result "0-1"]
[BlackTitle "CM"]
[WhiteElo "1982"]
[BlackElo "2120"]
[WhiteFideId "2812738"]
[BlackFideId "28550820"]
[EventDate "2025.05.26"]

1. Nf3 d5 2. e3 Nf6 3. c4 e6 4. Nc3 b6 5. cxd5 exd5 6. b3 c6 7. Qc2 Bd6 8. Bb2
O-O 9. Be2 Re8 10. O-O Ne4 11. d3 Ng5 12. e4 Nxf3+ 13. Bxf3 Qg5 14. g3 Bb7 15.
exd5 cxd5 16. Nb5 Rc8 17. Qe2 Bf8 18. h4 Qd8 19. Rac1 Nd7 20. Bg2 Nc5 21. Rfd1
Qd7 22. Nd4 Re8 23. Qf3 g6 24. Kh2 Bg7 25. Ba1 a5 26. h5 Re7 27. Bh3 f5 28. Re1
Rae8 29. Rxe7 Rxe7 30. Rd1 Qe8 31. Bc3 Ne6 32. Nxe6 Bxc3 33. d4 Bb4 34. Nf4 Qf7
35. hxg6 hxg6 36. Nd3 Bd6 37. Re1 Re4 38. Bg2 Qf6 39. Qd1 Rxd4 40. Qe2 Kg7 41.
Qe3 f4 42. Nxf4 Rxf4 43. Qxb6 Rb4 44. Qa7 Kh6 45. Re2 Rh4+ 46. Kg1 Qa1+ 47. Bf1
Rh1+ 48. Kxh1 Qxf1+ 49. Kh2 Qxe2 50. Qd4 Qe5 51. Qh4+ 0-1